logo

Bir Sreshtho Munshi Abdur Rouf Library
Jhenaidah Cadet College

সংক্ষিপ্ত ইসলামী বিশ্বকোষ / (Record no. 6163)

MARC details
000 -LEADER
fixed length control field 00732nam a2200229 a 4500
001 - CONTROL NUMBER
JCCL Control Number 6163
003 - CONTROL NUMBER IDENTIFIER
JCCL marc code BD-JhCC
005 - DATE AND TIME OF LATEST TRANSACTION
control field 20180115191153.0
008 - FIXED-LENGTH DATA ELEMENTS--GENERAL INFORMATION
fixed length control field 180115s1982 bg |||| ||a| 000 0 mul d
020 ## - INTERNATIONAL STANDARD BOOK NUMBER
International Standard Book Number 9840605321
035 ## - SYSTEM CONTROL NUMBER
system control number (BD-JhCC)6163
040 ## - CATALOGING SOURCE
Original cataloging agency BD-JhCC
Modifying agency BD-JhCC
041 ## - LANGUAGE CODE
Language code of Book mul
082 ## - DEWEY DECIMAL CLASSIFICATION NUMBER
Classification number 297.03
Author mark and Year SAN 1982
245 ## - TITLE STATEMENT
Title সংক্ষিপ্ত ইসলামী বিশ্বকোষ /
Statement of responsibility, etc ইসলামিক ফাউন্ডেশন;
260 ## - PUBLICATION, DISTRIBUTION, ETC. (IMPRINT)
Place of publication, distribution, etc ঢাকা :
Name of publisher, distributor, etc ইসলামিক ফাউন্ডেশন;
Date of publication, distribution, etc 1982.
300 ## - PHYSICAL DESCRIPTION
Pagination 510 p. :
Dimensions 28 cm.
650 ## - SUBJECT ADDED ENTRY--TOPICAL TERM
Topical term or geographic name as entry element Encyclopedia of Islam
710 ## - ADDED ENTRY--CORPORATE NAME
Corporate name or jurisdiction name as entry element ইসলামিক ফাউন্ডেশন;
942 ## - ADDED ENTRY ELEMENTS (KOHA)
Source of classification or shelving scheme Dewey Decimal Classification
Koha item type Books
Holdings
Source of classification or shelving scheme volume number Damaged status Not for loan Home library Current library Shelving location Date of accession Cost, normal purchase price Total Checkouts Full call number Barcode Date last seen Copy number Koha item type
Dewey Decimal Classification V-1     JCC Rouf Library JCC Rouf Library General Stacks 01/15/2018 250.00   297.03 SAN 1982 789 01/15/2018 C-1 Books
Dewey Decimal Classification V-2     JCC Rouf Library JCC Rouf Library General Stacks 01/15/2018 250.00   297.03 SAN 1982 790 01/15/2018 C-1 Books

JCC Library | Contacts | JCC Home

Last Update on 23 September 2017
Copyright @ 2017-2020 JCC Rouf Library
Rouf Library, Jhenidah Cadet College (JCC), Bangladesh